| 000 | 00477nam a2200181Ia 4500 | ||
|---|---|---|---|
| 005 | 20250508152307.0 | ||
| 008 | 008 250505s9999 xx 000 0 hin d | ||
| 037 | _aTextual | ||
| 040 |
_aFEDL _beng _cFEDL |
||
| 041 |
_ahin _2hin |
||
| 084 |
_aFH, MUN _qFEDL |
||
| 100 | _aKanhiyalal Maniklal Munshi | ||
| 245 | 0 | _aBhagunpaduka | |
| 260 |
_aDelhi, India _bRajkamal Prakashan _c1957 |
||
| 300 | _a253p. | ||
| 942 |
_cTEXL _hFH, MUN |
||
| 999 |
_c1335551 _d1335551 |
||